| 000 | 004260000a22001810004500 | ||
|---|---|---|---|
| 003 | MACL | ||
| 005 | 20150915124724.0 | ||
| 008 | 150915b xxu||||| |||| 00| 0 eng d | ||
| 040 |
_aMACL _cMACL |
||
| 041 | _aEnglish | ||
| 082 | _a823/MIT | ||
| 100 |
_aAshokamitran _911050 |
||
| 245 | _aThe Eighteenth Parallel | ||
| 260 |
_bDisha Books _c1977 _aMadras |
||
| 350 | _a55 | ||
| 650 |
_aFiction _911051 |
||
| 942 |
_cBK _k823 _2ddc |
||
| 999 |
_c19912 _d19912 |
||